000 00482nam a2200181Ia 4500
008 090124s9999 xx 000 0 und d
082 _b41615
100 _aकिनरे जयंत
245 _a अस्त
250 _a1
260 _bमधुश्री प्रकाशन
_c2002
300 _a224
600 _aकिनरे जयंत
630 _a अस्त
700 _aकिनरे जयंत
730 _a अस्त
942 _cBOOK
999 _c107791
_d107791